[Event "2nd Gujarat Open 2019"]
[Site "Ahmedabad, Gujarat"]
[Date "2019.09.29"]
[Round "10.33"]
[White "Chokshi, Manthan J."]
[Black "Bhatt, Jalpan"]
[Result "0-1"]
[WhiteElo "2170"]
[BlackElo "2001"]
[Annotator "NA"]
[PlyCount "108"]
[EventDate "2019.09.22"]
[EventType "swiss"]
[EventCountry "IND"]
[SourceTitle "playchess.com"]
[Source "ChessBase"]
[SourceQuality "1"]
[TimeControl "5400+30"]

1. e4 {[%emt 0:00:00]} c5 {[%emt 0:00:00]} 2. Nc3 {[%emt 0:00:15]} Nc6 {[%emt 0:00:00]} 3. g3 {[%emt 0:00:13]} g6 {[%emt 0:00:00]} 4. Bg2 {[%emt 0:00:04]} Bg7 {[%emt 0:00:00]} 5. d3 {[%emt 0:00:03]} d6 {[%emt 0:00:11]} 6. Be3 {[%emt 0:00:07]} e5 {[%emt 0:01:54]} 7. Qd2 {[%emt 0:00:16]} Nge7 {[%emt 0:00:02]} 8. Bh6 {[%emt 0:00:43]} Bxh6 {[%emt 0:00:14]} 9. Qxh6 {[%emt 0:00:00]} Nd4 {[%emt 0:00:04]} 10. O-O-O {[%emt 0:32:40]} b5 {[%emt 0:06:13]} 11. f4 {[%emt 0:03:24]} b4 {[%emt 0:17:03]} 12. Nce2 {[%emt 0:22:32]} Ng8 {[%emt 0:28:09]} 13. Qg7 {[%emt 0:03:02]} Qf6 {[%emt 0:00:14]} 14. Qxf6 {[%emt 0:00:04]} Nxf6 {[%emt 0:00:09]} 15. h3 {[%emt 0:00:27]} Ba6 {[%emt 0:02:50]} 16. Nxd4 {[%emt 0:06:51]} cxd4 {[%emt 0:00:19]} 17. Nf3 {[%emt 0:00:09]} Nd7 {[%emt 0:00:09]} 18. h4 {[%emt 0:02:49]} f6 {[%emt 0:05:30]} 19. g4 {[%emt 0:03:46]} Nc5 {[%emt 0:06:45]} 20. fxe5 {[%emt 0:05:55]} fxe5 {[%emt 0:01:34]} 21. h5 {[%emt 0:02:46]} Ke7 {[%emt 0:04:54]} 22. hxg6 {[%emt 0:04:49]} hxg6 {[%emt 0:00:04]} 23. Nh4 {[%emt 0:00:25]} Kf6 {[%emt 0:02:17]} 24. Rdf1+ {[%emt 0:02:12]} Kg7 {[%emt 0:00:02]} 25. Kd2 {[%emt 0:05:17]} Raf8 {[%emt 0:01:27]} 26. Rxf8 {[%emt 0:00:35]} Rxf8 {[%emt 0:00:03]} 27. Rf1 {[%emt 0:00:28]} Nxe4+ {[%emt 0:00:49]} 28. Ke1 {[%emt 0:00:49]} Rxf1+ {[%emt 0:01:25]} 29. Kxf1 {[%emt 0:01:04]} Ng5 {[%emt 0:01:21]} 30. Kf2 {[%emt 0:00:14]} Bc8 {[%emt 0:01:04]} 31. Kg3 {[%emt 0:00:12]} Be6 {[%emt 0:01:02]} 32. b3 {[%emt 0:01:18]} Kf6 {[%emt 0:00:11]} 33. Nf3 {[%emt 0:01:23]} Nxf3 {[%emt 0:07:52]} 34. Bxf3 {[%emt 0:00:06]} Kg5 {[%emt 0:00:11]} 35. Bd1 {[%emt 0:00:26]} Bd5 {[%emt 0:02:10]} 36. Be2 {[%emt 0:00:10]} Ba8 {[%emt 0:02:14]} 37. Bd1 {[%emt 0:00:37]} Bb7 {[%emt 0:00:02]} 38. Be2 {[%emt 0:00:19]} Bc6 {[%emt 0:02:14]} 39. Bd1 {[%emt 0:00:07]} a5 {[%emt 0:00:03]} 40. Be2 {[%emt 0:00:14]} a4 {[%emt 0:00:04]} 41. Bd1 axb3 42. axb3 e4 43. Be2 Bb5 44. Bf1 exd3 45. Bxd3 Bxd3 46. cxd3 d5 47. Kf3 Kh4 48. Kf4 g5+ 49. Ke5 Kxg4 50. Kxd4 Kf4 51. Kxd5 g4 52. d4 g3 53. Kc6 g2 54. d5 Ke5 0-1

[Event "2nd Gujarat Open 2019"]
[Site "Ahmedabad, Gujarat"]
[Date "2019.09.29"]
[Round "10.34"]
[White "Soham Datar"]
[Black "Aditya P Melani"]
[Result "1-0"]
[WhiteElo "2160"]
[BlackElo "1847"]
[Annotator "ChessBase"]
[PlyCount "65"]
[EventDate "2019.09.22"]
[EventType "swiss"]
[EventCountry "IND"]
[SourceTitle "playchess.com"]
[Source "ChessBase"]
[SourceQuality "1"]
[TimeControl "5400+30"]

1. Nf3 {[%emt 0:00:00]} c5 {[%emt 0:00:00]} 2. c4 {[%emt 0:00:00]} Nf6 {[%emt 0:00:00]} 3. Nc3 {[%emt 0:00:27]} g6 {[%emt 0:00:00]} 4. e3 {[%emt 0:00:14]} Bg7 {[%emt 0:00:05]} 5. d4 {[%emt 0:00:06]} cxd4 {[%emt 0:00:07]} 6. exd4 {[%emt 0:00:36]} d5 {[%emt 0:00:10]} 7. cxd5 {[%emt 0:00:04]} O-O {[%emt 0:02:30]} 8. Qb3 {[%emt 0:02:18]} Nbd7 {[%emt 0:00:11]} 9. Be2 {[%emt 0:13:48]} Nb6 {[%emt 0:00:13]} 10. O-O {[%emt 0:00:06]} Nfxd5 {[%emt 0:01:57]} 11. Re1 {[%emt 0:13:17]} Be6 {[%emt 0:12:49]} 12. Qa3 {[%emt 0:06:07]} h6 {[%emt 0:11:30]} 13. Ne4 {[%emt 0:00:26]} Qb8 {[%emt 0:07:46]} 14. Nc5 {[%emt 0:05:03]} Bg4 {[%emt 0:03:35]} 15. Ne5 {[%emt 0:01:05]} Bxe5 {[%emt 0:02:24]} 16. dxe5 {[%emt 0:00:23]} Qxe5 {[%emt 0:01:04]} 17. Nd3 {[%emt 0:04:05]} Qe6 {[%emt 0:04:53]} 18. Bf3 {[%emt 0:04:01]} Qc8 {[%emt 0:01:46]} 19. Bxd5 {[%emt 0:02:57]} Nxd5 {[%emt 0:00:07]} 20. Bxh6 {[%emt 0:00:05]} Rd8 {[%emt 0:03:13]} 21. Rac1 {[%emt 0:00:47]} Qb8 {[%emt 0:05:22]} 22. Ne5 {[%emt 0:01:25]} Bf5 {[%emt 0:02:00]} 23. g4 {[%emt 0:01:17]} Be6 {[%emt 0:00:47]} 24. Nxg6 {[%emt 0:11:19]} Kh7 {[%emt 0:00:06]} 25. Qh3 {[%emt 0:04:11]} Bxg4 {[%emt 0:05:36]} 26. Qh4 {[%emt 0:00:11]} fxg6 {[%emt 0:04:20]} 27. Bf4+ {[%emt 0:01:12]} Bh5 {[%emt 0:00:02]} 28. Rxe7+ {[%emt 0:00:39]} Nxe7 {[%emt 0:00:01]} 29. Qxe7+ {[%emt 0:00:01]} Kg8 {[%emt 0:00:17]} 30. Bxb8 {[%emt 0:02:01]} Raxb8 {[%emt 0:00:23]} 31. Rc7 {[%emt 0:00:16]} Rd1+ {[%emt 0:00:12]} 32. Kg2 {[%emt 0:00:04]} Rbd8 {[%emt 0:00:23]} 33. Qg7# {[%emt 0:00:04]} 1-0

[Event "2nd Gujarat Open 2019"]
[Site "Ahmedabad, Gujarat"]
[Date "2019.09.29"]
[Round "10.35"]
[White "Samal Ansuman"]
[Black "Sanket Chakravarty"]
[Result "1-0"]
[WhiteElo "1847"]
[BlackElo "2158"]
[Annotator "NA"]
[PlyCount "77"]
[EventDate "2019.09.22"]
[EventType "swiss"]
[EventCountry "IND"]
[SourceTitle "playchess.com"]
[Source "ChessBase"]
[SourceQuality "1"]
[TimeControl "5400+30"]

1. d4 {[%emt 0:00:00]} Nf6 {[%emt 0:00:00]} 2. c4 {[%emt 0:00:00]} e6 {[%emt 0:00:00]} 3. Nc3 {[%emt 0:00:00]} d5 {[%emt 0:00:51]} 4. Nf3 {[%emt 0:01:03]} dxc4 {[%emt 0:00:05]} 5. e4 {[%emt 0:00:57]} Bb4 {[%emt 0:00:35]} 6. Qc2 {[%emt 0:01:18]} c5 {[%emt 0:12:57]} 7. dxc5 {[%emt 0:03:17]} h6 {[%emt 0:05:04]} 8. Bxc4 {[%emt 0:07:44]} O-O {[%emt 0:02:50]} 9. Bf4 {[%emt 0:07:14]} Bxc5 {[%emt 0:10:03]} 10. O-O {[%emt 0:00:40]} Nh5 {[%emt 0:18:01]} 11. Rfd1 {[%emt 0:09:22]} Qe7 {[%emt 0:04:06]} 12. Bd2 {[%emt 0:00:19]} Nc6 {[%emt 0:01:22]} 13. Na4 {[%emt 0:08:03]} Bd6 {[%emt 0:07:16]} 14. Be3 {[%emt 0:01:51]} e5 {[%emt 0:11:39]} 15. Nh4 {[%emt 0:07:45]} Rd8 16. Nf5 {[%emt 0:08:58]} Bxf5 {[%emt 0:13:50]} 17. exf5 {[%emt 0:00:01]} Rac8 {[%emt 0:00:33]} 18. Qe2 {[%emt 0:00:29]} Nf6 {[%emt 0:00:28]} 19. Rac1 {[%emt 0:03:59]} e4 {[%emt 0:01:43]} 20. g3 {[%emt 0:05:46]} Ne5 {[%emt 0:00:06]} 21. Bb3 {[%emt 0:02:43]} Rxc1 {[%emt 0:00:56]} 22. Bxc1 {[%emt 0:00:54]} Nd3 {[%emt 0:02:18]} 23. Nc3 {[%emt 0:03:33]} Qe5 {[%emt 0:01:43]} 24. Nxe4 {[%emt 0:10:15]} Nxe4 {[%emt 0:02:24]} 25. Rxd3 {[%emt 0:00:25]} Qxf5 {[%emt 0:01:23]} 26. Rf3 {[%emt 0:09:27]} Qe5 {[%emt 0:00:56]} 27. Bf4 {[%emt 0:03:25]} Qd4 {[%emt 0:01:20]} 28. Rd3 {[%emt 0:00:34]} Qb4 {[%emt 0:00:49]} 29. a3 {[%emt 0:00:01]} Qb5 {[%emt 0:00:24]} 30. Qxe4 {[%emt 0:00:27]} Re8 {[%emt 0:00:03]} 31. Qd5 {[%emt 0:01:22]} Re1+ {[%emt 0:00:14]} 32. Kg2 {[%emt 0:00:05]} Qxd5+ {[%emt 0:00:03]} 33. Rxd5 {[%emt 0:00:56]} Bxf4 {[%emt 0:00:01]} 34. Rd8+ {[%emt 0:00:15]} Kh7 {[%emt 0:00:01]} 35. gxf4 {[%emt 0:00:04]} Re2 {[%emt 0:00:05]} 36. Bxf7 {[%emt 0:00:22]} Rxb2 {[%emt 0:00:03]} 37. f5 {[%emt 0:00:06]} h5 {[%emt 0:00:02]} 38. Bg6+ Kh6 39. h4 1-0

[Event "2nd Gujarat Open 2019"]
[Site "Ahmedabad, Gujarat"]
[Date "2019.09.29"]
[Round "10.36"]
[White "Zia, Tahsin Tajwar"]
[Black "Nanal Arnav"]
[Result "1-0"]
[WhiteElo "2142"]
[BlackElo "1587"]
[Annotator "ChessBase"]
[PlyCount "75"]
[EventDate "2019.09.22"]
[EventType "swiss"]
[EventCountry "IND"]
[SourceTitle "playchess.com"]
[Source "ChessBase"]
[SourceQuality "1"]
[TimeControl "5400+30"]

1. d4 {[%emt 0:00:00]} Nf6 {[%emt 0:00:00]} 2. Bg5 {[%emt 0:00:00]} c5 {[%emt 0:00:13]} 3. d5 {[%emt 0:00:04]} Qb6 {[%emt 0:00:20]} 4. Nc3 {[%emt 0:01:55]} Qxb2 {[%emt 0:01:02]} 5. Bd2 {[%emt 0:00:07]} Qb6 {[%emt 0:00:41]} 6. e4 {[%emt 0:01:00]} d6 {[%emt 0:01:03]} 7. f4 {[%emt 0:03:13]} g6 {[%emt 0:09:31]} 8. Nf3 {[%emt 0:05:38]} Bg7 {[%emt 0:07:19]} 9. Rb1 {[%emt 0:01:57]} Qc7 {[%emt 0:09:23]} 10. Bc4 {[%emt 0:03:12]} a6 {[%emt 0:06:11]} 11. a4 {[%emt 0:01:45]} O-O {[%emt 0:00:57]} 12. O-O {[%emt 0:01:17]} Nbd7 {[%emt 0:04:18]} 13. Re1 {[%emt 0:01:00]} Nb6 {[%emt 0:07:37]} 14. Bf1 {[%emt 0:01:29]} Nh5 {[%emt 0:09:26]} 15. a5 {[%emt 0:04:13]} Nd7 {[%emt 0:00:40]} 16. Na4 {[%emt 0:02:25]} Rb8 {[%emt 0:03:34]} 17. c4 {[%emt 0:01:21]} Ndf6 {[%emt 0:08:24]} 18. Nb6 {[%emt 0:02:02]} Nd7 {[%emt 0:02:49]} 19. Na4 {[%emt 0:02:26]} Ndf6 {[%emt 0:00:43]} 20. Bd3 {[%emt 0:04:27]} Bg4 {[%emt 0:04:36]} 21. h3 {[%emt 0:01:51]} Bxf3 {[%emt 0:00:30]} 22. Qxf3 {[%emt 0:00:02]} Nd7 {[%emt 0:00:23]} 23. Nb6 {[%emt 0:03:06]} Nhf6 {[%emt 0:03:25]} 24. Bc3 {[%emt 0:02:16]} Nxb6 {[%emt 0:01:21]} 25. axb6 {[%emt 0:03:04]} Qd8 {[%emt 0:00:16]} 26. e5 {[%emt 0:06:34]} Nd7 {[%emt 0:01:13]} 27. Bc2 {[%emt 0:02:46]} dxe5 {[%emt 0:09:07]} 28. fxe5 {[%emt 0:00:14]} f6 {[%emt 0:01:09]} 29. e6 {[%emt 0:01:21]} Ne5 {[%emt 0:00:46]} 30. Qe2 {[%emt 0:00:53]} Qd6 {[%emt 0:00:42]} 31. h4 {[%emt 0:02:05]} Ra8 {[%emt 0:06:46]} 32. h5 {[%emt 0:01:11]} g5 {[%emt 0:01:01]} 33. Rf1 {[%emt 0:02:57]} f5 {[%emt 0:00:27]} 34. Rxf5 {[%emt 0:01:35]} Rxf5 {[%emt 0:00:26]} 35. Bxf5 {[%emt 0:00:02]} h6 {[%emt 0:00:27]} 36. Rf1 {[%emt 0:01:03]} Kh8 {[%emt 0:00:38]} 37. Qe4 {[%emt 0:01:21]} Nxc4 {[%emt 0:00:33]} 38. Re1 {[%emt 0:00:49]} 1-0